000 00804nam a2200253Ia 4500
003 OSt
005 20220918170946.0
006 a|||||r|||| 00| 0
007 ta
008 220917b |||||||| |||| 00| 0 eng d
020 _a9781107001275 (hbk)
_cUKP 69.99
024 _a330,208
037 _b54626, 19/03/2018, Segment Book Distributors
_cTextual
040 _aARTS
_cARTS
_beng
041 _2eng
_aeng
082 _aP:4, Q7
100 _aRothstein Susan Au.
_932625
245 0 _aSemantics for counting and measuring
260 _aCambridge
_bCambridge University Press UK
_c2017
300 _axi,276p.
_ccm.
650 _aLINGUISTICS; SEMANTICS
_928483
942 _hP:4, Q7
_cTEXL
_2CC
999 _c136917
_d136917